Chicago Bears: Pro Bowl Selections - Statistics

General Stats
  • This quiz has been taken 782 times
    48 since last reset
  • The average score is 24 of 142
Answer Stats
Position Player Amount of Selections % Correct
RB Walter Payton 9
80%
RS Devin Hester 3
68%
G Joe Thuney 1
68%
LB Brian Urlacher 8
60%
QB Jim McMahon 1
60%
CB Jaylon Johnson 2
58%
LB Dick Butkus 8
55%
LB Mike Singletary 10
55%
DT Fred Williams 4
53%
T James Williams 1
53%
QB Mitchell Trubisky 1
53%
WR Brandon Marshall 2
50%
RB Gale Sayers 4
50%
RB Matt Forte 2
50%
TE Mike Ditka 5
50%
QB Sid Luckman 3
50%
LB Wilber Marshall 2
48%
G Aldo Forte 2
45%
C Drew Dalman 1
45%
CB Eddie Jackson 2
45%
LB Khalil Mack 3
40%
WR Alshon Jeffery 1
38%
CB Charles Tillman 2
38%
CB Kevin Byard III 1
38%
CB Nahshon Wright 1
38%
CB Ron Smith 1
38%
RB Jordan Howard 1
35%
CB Kyle Fuller 2
35%
K Robbie Gould 1
35%
G Stan Jones 7
35%
DE Richard Dent 4
33%
DT Akiem Hicks 1
30%
T Kyle Long 3
28%
RB Neal Anderson 4
28%
RS Tarik Cohen 1
28%
RS Cordarrelle Patterson 2
25%
QB Ed Brown 2
25%
LB Lance Briggs 7
25%
CB Mike Brown 1
25%
G Ruben Brown 1
25%
C Olin Kreutz 6
23%
DT Steve McMichael 2
23%
FL Johnny Morris 1
20%
DE Julius Peppers 3
20%
DE Doug Atkins 8
18%
DE Montez Sweat 1
18%
CB Rosey Taylor 2
18%
DT Tommie Harris 3
18%
P Bobby Joe Green 1
15%
CB Corey Graham 1
15%
DE George Wilson 3
15%
DE Harlon Hill 3
15%
T Jimbo Covert 2
15%
TE Martellus Bennett 1
15%
LB Otis Wilson 1
15%
LB Robert Quinn 1
15%
C Bulldog Turner 4
13%
DE Dan Hampton 4
13%
CB Dave Duerson 4
13%
CB Gary Fencik 2
13%
RB Harry Clarke 2
13%
C Jay Hilgenberg 7
13%
WR Johnny Knox 1
13%
WR Marty Booker 1
13%
CB Nathan Vasher 1
13%
CB Tim Jennings 2
13%
LB Bill George 8
10%
FL Cecil Turner 1
10%
CB Donnell Woolford 1
10%
T Fred Davis 1
10%
G Josh Sitton 1
10%
G Mark Bortz 2
10%
QB Billy Wade 1
8%
DE Ed Sprinkle 4
8%
QB Johnny Lujack 2
8%
CB Mark Carrier 3
8%
FB Rick Casares 5
8%
CB Shaun Gayle 1
8%
CB Todd Bell 1
8%
CB Allan Ellis 1
5%
DT Bill Bishop 1
5%
FB Bill Osmanski 3
5%
G Billy Hughes 1
5%
G Danny Fortmann 3
5%
WR Dick Gordon 2
5%
T Ed Kolman 3
5%
RB George McAfee 1
5%
G George Musso 3
5%
RB Glyn Milburn 1
5%
DE Henry Melton 1
5%
RS Jakeem Grant 1
5%
CB Jerry Azumah 1
5%
T Joe Stydahar 4
5%
CB Richie Petitbon 4
5%
DT Ted Washington 1
5%
DT Wally Chambers 3
5%
G Al Baisi 2
3%
C Al Matuza 1
3%
T Bill Wightkin 1
3%
DE Bob Nowaskey 2
3%
RB Bob Snyder 2
3%
RB Bob Swisher 2
3%
LB Brendon Ayanbadejo 2
3%
C Chet Chesney 1
3%
FB Chick Jagade 1
3%
G Chuck Drulis 1
3%
T Del Bjork 1
3%
G Dick Barwegen 3
3%
DE Dick Plasman 2
3%
CB Don Kindt 1
3%
DE Eggs Manske 1
3%
CB Erich Barnes 1
3%
C Frank Bausch 1
3%
RB Frank Maznicki 1
3%
FB Gary Famiglietti 3
3%
DE Gene Schroeder 1
3%
G Hal Lahar 1
3%
DE Hampton Pool 2
3%
RB Hugh Gallarneau 1
3%
T Jack Torrance 1
3%
CB J.C. Caroline 1
3%
LB Joe Fortunato 5
3%
RB Joe Maniaci 2
3%
FB Joe Marconi 1
3%
T Joe Mihal 2
3%
FB John Dottley 1
3%
T John Federovitch 1
3%
RB John Hoffman 2
3%
DE John Siegal 3
3%
DE Ken Kavanaugh 2
3%
T Kline Gilbert 1
3%
C Larry Strickland 1
3%
CB Larry Whigham 1
3%
T Lee Artoe 3
3%
C Mike Pyle 1
3%
FB Norm Standlee 1
3%
FB Phil Martinovich 1
3%
RB Ray McLean 2
3%
RB Ray Nolting 2
3%
QB Solly Sherman 1
3%
RB Willie Galimore 1
3%
QB Young Bussey 1
3%
No matching quizzes found
Score Distribution
Percent of People with Each Score
Percentile by Number Answered
Your Score History
You have not taken this quiz since the last reset